<?xml version='1.0' encoding='UTF-8'?>
  <record xmlns="http://www.loc.gov/MARC21/slim">
    <leader>00000cam a22000007i 4500</leader>
    <controlfield tag="001">ocm63242648</controlfield>
    <controlfield tag="003">OCoLC</controlfield>
    <controlfield tag="005">20250929211633.1</controlfield>
    <controlfield tag="008">790316s1643    ne            000 0 dut d</controlfield>
    <datafield tag="040" ind1=" " ind2=" ">
      <subfield code="a">NLGGC</subfield>
      <subfield code="b">dut</subfield>
      <subfield code="e">fobidrtb</subfield>
      <subfield code="c">NLGGC</subfield>
      <subfield code="d">OCLCO</subfield>
      <subfield code="d">OCLCA</subfield>
      <subfield code="d">OCLCL</subfield>
      <subfield code="d">OCLCQ</subfield>
    </datafield>
    <datafield tag="029" ind1="0" ind2=" ">
      <subfield code="a">NLGGC</subfield>
      <subfield code="b">781056527</subfield>
    </datafield>
    <datafield tag="035" ind1=" " ind2=" ">
      <subfield code="a">(OCoLC)63242648</subfield>
    </datafield>
    <datafield tag="100" ind1="1" ind2=" ">
      <subfield code="a">Kinckhuysen, Gerard,</subfield>
      <subfield code="d">ca. 1625-1666.</subfield>
      <subfield code="1">https://id.oclc.org/worldcat/entity/E39PCjK96bDMxM6qCjHw7xdh9C</subfield>
    </datafield>
    <datafield tag="245" ind1="1" ind2="4">
      <subfield code="a">Het ghebruyck des quadrants, zijnde seer nut voor veel persoonen, ende vermakelijck voor alle liefhebbers. :</subfield>
      <subfield code="b">Noch is hier by ghevoeght een toegift, bestaende in eenighe vermaeckelijcke questien, by de welcke de antwoorden ghestelt zijn. /</subfield>
      <subfield code="c">Door G.K.J. Liefhebber der goede konsten.</subfield>
    </datafield>
    <datafield tag="260" ind1=" " ind2=" ">
      <subfield code="a">Tot Haerlem, :</subfield>
      <subfield code="b">gedruckt by Hans Passchiers van Wesbusch boeck-drucker #op 't Marckt-veldt, in den beslagen Bybel, by de Vleys-Hall#,</subfield>
      <subfield code="c">1643.</subfield>
    </datafield>
    <datafield tag="300" ind1=" " ind2=" ">
      <subfield code="a">[20] bl. :</subfield>
      <subfield code="b">ill. ;</subfield>
      <subfield code="c">in-4.</subfield>
    </datafield>
    <datafield tag="336" ind1=" " ind2=" ">
      <subfield code="a">tekst</subfield>
      <subfield code="b">txt</subfield>
      <subfield code="2">rdacontent/dut</subfield>
    </datafield>
    <datafield tag="337" ind1=" " ind2=" ">
      <subfield code="a">zonder medium</subfield>
      <subfield code="b">n</subfield>
      <subfield code="2">rdamedia/dut</subfield>
    </datafield>
    <datafield tag="338" ind1=" " ind2=" ">
      <subfield code="a">band</subfield>
      <subfield code="b">nc</subfield>
      <subfield code="2">rdacarrier/dut</subfield>
    </datafield>
    <datafield tag="500" ind1=" " ind2=" ">
      <subfield code="a">A-B 4  C 2.</subfield>
    </datafield>
    <datafield tag="500" ind1=" " ind2=" ">
      <subfield code="a">G.K.J. = Gerard Kinckhuysen jr.</subfield>
    </datafield>
    <datafield tag="530" ind1=" " ind2=" ">
      <subfield code="a">Titel is geselecteerd voor digitalisering voor de Universiteit van Amsterdam in het kader van het Google Books-project.</subfield>
    </datafield>
    <datafield tag="710" ind1="0" ind2=" ">
      <subfield code="a">Wesbusch, Hans Passchiers van (Haarlem)</subfield>
      <subfield code="4">prt</subfield>
      <subfield code="0">(NL-LeOCL)077149300</subfield>
    </datafield>
    <datafield tag="758" ind1=" " ind2=" ">
      <subfield code="a">Het ghebruyck des quadrants (Text)</subfield>
      <subfield code="1">https://id.oclc.org/worldcat/entity/E39PCFym6f8FQYxTBXpg8MrXV3</subfield>
      <subfield code="4">https://id.oclc.org/worldcat/ontology/hasWork</subfield>
    </datafield>
    <datafield tag="776" ind1="0" ind2=" ">
      <subfield code="t">Het ghebruyck des quadrants, zijnde seer nut voor veel persoonen, ende vermakelijck voor alle liefhebbers.</subfield>
      <subfield code="w">(NL-LeOCL)402047370</subfield>
    </datafield>
    <datafield tag="776" ind1="0" ind2=" ">
      <subfield code="t">Het ghebruyck des quadrants, zijnde seer nut voor veel persoonen, ende vermakelijck voor alle liefhebbers.</subfield>
      <subfield code="w">(NL-LeOCL)402047389</subfield>
    </datafield>
    <datafield tag="936" ind1=" " ind2=" ">
      <subfield code="a">BATCHLOAD</subfield>
    </datafield>
  </record>